00844nam a2200169 a 4500008004100000050002300041100001900064245017300083260003900256300003300295650002600328650005200354650004700406995008000453999001700533952012400550220301s2019 ||||||||||||||||| || u a CBU-PG THESIS/SIV aSivwimi, Jean 14aThe effect of Corporate Social Responsibility on Customer Loyalty among Public Bus users in Luanshya Town: The mediating role of Customers SatisfactioncBy Jean Sivwimi aKitwebCopperbelt Universityc2019 ax, 108 Pages : illustrations aCUSTOMER SATISFACTION aCUSTOMER LOYALTY - PUBLIC BUS USERS IN LUANSHYA aCORPORATE SOCIAL RESPONSIBILITY--PRACTICES FCBU-MAIN LIBRARY (Kitwe)M1UAVAILABLEWJun 30, 2022ZUniversity Collection c41198d41198 00102lcc4070a001b001cUniversity Collectiond2022-11-30l0o CBU-PG THESIS/SIVpB4879r2022-11-30w2022-11-30y002